Complex variables and applications /
| 1. Verfasser: | |
|---|---|
| Weitere Verfasser: | |
| Format: | Buch |
| Sprache: | English |
| Veröffentlicht: |
New York, NY ; India :
McGraw-Hill Education,
c2014 [reprinted 2022].
|
| Ausgabe: | Ninth Edition. |
| Schriftenreihe: | Brown and churchill series
The Water Rudin student series in advanced mathematics Higher mathematics |
| Schlagworte: | |
| Ähnliche Datensätze: | Weitere Ausgabe verfügbar:
Complex variables and applications |
| Classic Catalogue: | View this record in Classic Catalogue |
| LEADER | 01670nam a2200409 i 4500 | ||
|---|---|---|---|
| 001 | 38908 | ||
| 003 | BD-DhAAL | ||
| 005 | 20251202115328.0 | ||
| 008 | 220614r20222014nyua b 001 0 eng d | ||
| 010 | |a 2013018657 | ||
| 020 | |a 9789354600364 | ||
| 020 | |a 9354600360 | ||
| 020 | |a 9780073383170 (hardcover : alk. paper) | ||
| 040 | |a DLC |b eng |e rda |c DLC |d BD-DhAAL | ||
| 042 | |a pcc | ||
| 050 | 0 | 0 | |a QA331.7 |b .C524 2014 |
| 082 | 0 | 0 | |a 515.93 |2 23 |
| 100 | 1 | |a Brown, James Ward. |9 49320 | |
| 245 | 1 | 0 | |a Complex variables and applications / |c James Ward Brown, Ruel V. Churchill. |
| 250 | |a Ninth Edition. | ||
| 260 | |a New York, NY ; |a India : |b McGraw-Hill Education, |c c2014 [reprinted 2022]. | ||
| 300 | |a xvi, 461 pages : |b illustrations ; |c 25 cm | ||
| 490 | 0 | |a Brown and churchill series | |
| 490 | 0 | |a The Water Rudin student series in advanced mathematics | |
| 490 | 0 | |a Higher mathematics | |
| 500 | |a Churchill's name appears first on the earlier editions. | ||
| 504 | |a Includes bibliographical references (pages 437-439) and index. | ||
| 526 | |a MNS | ||
| 541 | |a Trim Education |e 38908 | ||
| 650 | 0 | |a Functions of complex variables. |9 49321 | |
| 650 | 0 | |a Mathematics. |9 49322 | |
| 700 | 1 | |a Churchill, Ruel V. |q (Ruel Vance), |d 1899-1987. |9 49323 | |
| 775 | 0 | 8 | |w Revision of: |a Brown, James Ward |t Complex variables and applications |b 8th ed. |d c2009 |w (DLC) 2007043490 |
| 852 | |a Ayesha Abed Library |c General Stacks | ||
| 942 | |2 ddc |c BK | ||
| 999 | |c 44327 |d 44327 | ||
| 952 | |0 0 |1 0 |2 ddc |4 0 |6 515_930000000000000_BRO |7 0 |9 70826 |a BRACUL |b BRACUL |c GEN |d 2022-06-06 |e Trim Education |g 915.00 |l 9 |m 79 |o 515.93 BRO |p 3010038908 |r 2026-04-19 |s 2026-04-08 |t 1 |v 915.00 |w 2022-06-06 |y BK | ||